En defensa de la sociología / (Record no. 10763)
[ view plain ]
| 000 -LEADER | |
|---|---|
| fixed length control field | 00681nam a2200205 4500 |
| 005 - DATE AND TIME OF LATEST TRANSACTION | |
| control field | 20250327085217.0 |
| 008 - FIXED-LENGTH DATA ELEMENTS--GENERAL INFORMATION | |
| fixed length control field | 250226b ||||| |||| 00| 0 spa d |
| 020 ## - INTERNATIONAL STANDARD BOOK NUMBER | |
| International Standard Book Number | 84-206-6752-8 |
| 082 ## - DEWEY DECIMAL CLASSIFICATION NUMBER | |
| Edition number | 14 |
| Classification number | 301 |
| 100 1# - MAIN ENTRY--PERSONAL NAME | |
| Personal name | Giddens, Anthony |
| 9 (RLIN) | 655 |
| 245 13 - TITLE STATEMENT | |
| Title | En defensa de la sociología / |
| Statement of responsibility, etc | Anthony Giddens, traductor Jesús Alborés |
| 260 ## - PUBLICATION, DISTRIBUTION, ETC. (IMPRINT) | |
| Place of publication, distribution, etc | Madrid: |
| Name of publisher, distributor, etc | Alianza, |
| Date of publication, distribution, etc | 2000 |
| 300 ## - PHYSICAL DESCRIPTION | |
| Extent | 101 p. |
| 440 ## - SERIES STATEMENT/ADDED ENTRY--TITLE | |
| 9 (RLIN) | 21292 |
| Title | Cuadernos Sociales |
| Number of part/section of a work | 165 |
| Name of part/section of a work | Ensayo |
| 650 17 - SUBJECT ADDED ENTRY--TOPICAL TERM | |
| Topical term or geographic name as entry element | SOCIOLOGIA |
| 9 (RLIN) | 693 |
| Source of heading or term | unescot |
| 650 17 - SUBJECT ADDED ENTRY--TOPICAL TERM | |
| Topical term or geographic name as entry element | COMPORTAMIENTO SOCIAL |
| Source of heading or term | unescot |
| 9 (RLIN) | 753 |
| 700 1# - ADDED ENTRY--PERSONAL NAME | |
| 9 (RLIN) | 21293 |
| Personal name | Alborés, Jesús |
| Relator term | trad. |
| 942 ## - ADDED ENTRY ELEMENTS (KOHA) | |
| Item type | Libro, folleto, traducción |
| Source of classification or shelving scheme | Dewey Decimal Classification |
| 980 ## - EQUIVALENCE OR CROSS-REFERENCE-SERIES STATEMENT--PERSONAL NAME/TITLE [LOCAL, CANADA] | |
| Linkage | 19226 |
| Personal name | Palazón Marcela I. |
| Field link and sequence number | 2 |
| Miscellaneous information | Virginia Figueroa |
| Withdrawn status | Lost status | Source of classification or shelving scheme | Damaged status | Not for loan | Home library | Current library | Date acquired | Total Checkouts | Total Renewals | Full call number | Barcode | Date last seen | Date last borrowed | Copy number | Price effective from | Koha item type |
|---|---|---|---|---|---|---|---|---|---|---|---|---|---|---|---|---|
| Dewey Decimal Classification | Biblioteca Central | Biblioteca Central | 26/02/2025 | 1 | 1 | 301 GIDd | UNAJ25020218 | 09/10/2025 | 25/09/2025 | 1 | 26/02/2025 | Libro, folleto, traducción |